000 00724nam a2200181Ia 4500
008 100920s9999 xx 000 0 und d
082 _b56676
_a24 थ 83
100 _aलोंढे लक्ष्मण.देशमुख चिंतामणी.
245 _aदेवांसि जिवे मारिले.
260 _bग्रंथाली, अभिनव वाचक-चळवळ नेहरूनगर मुंबई 24.
_c1983
300 _a187
_bसाधी
365 _b40
520 _aसायो.
630 _aदेवांसि जिवे मारिले.
650 _aसायो.
730 _aदेवांसि जिवे मारिले.
942 _cBOOK
999 _c700721
_d700718